<?xml version="1.0" encoding="UTF-8"?><?xml-stylesheet type="text/xsl" href="static/style.xsl"?><OAI-PMH xmlns="http://www.openarchives.org/OAI/2.0/" xmlns:xsi="http://www.w3.org/2001/XMLSchema-instance" xsi:schemaLocation="http://www.openarchives.org/OAI/2.0/ http://www.openarchives.org/OAI/2.0/OAI-PMH.xsd"><responseDate>2026-06-03T05:38:34Z</responseDate><request verb="GetRecord" identifier="oai:riuma.uma.es:10630/7790" metadataPrefix="marc">https://riuma.uma.es/rest/oai/request</request><GetRecord><record><header><identifier>oai:riuma.uma.es:10630/7790</identifier><datestamp>2026-02-03T11:49:06Z</datestamp><setSpec>com_10630_2254</setSpec><setSpec>col_10630_37959</setSpec></header><metadata><record xmlns="http://www.loc.gov/MARC21/slim" xmlns:dcterms="http://purl.org/dc/terms/" xmlns:doc="http://www.lyncode.com/xoai" xmlns:xsi="http://www.w3.org/2001/XMLSchema-instance" xsi:schemaLocation="http://www.loc.gov/MARC21/slim http://www.loc.gov/standards/marcxml/schema/MARC21slim.xsd">
   <leader>00925njm 22002777a 4500</leader>
   <datafield ind2=" " ind1=" " tag="042">
      <subfield code="a">dc</subfield>
   </datafield>
   <datafield ind2=" " ind1=" " tag="720">
      <subfield code="a">Avendaño Hurtado, Davor Francisco</subfield>
      <subfield code="e">author</subfield>
   </datafield>
   <datafield ind2=" " ind1=" " tag="720">
      <subfield code="a">López-Toro, Alberto Antonio</subfield>
      <subfield code="e">author</subfield>
   </datafield>
   <datafield ind2=" " ind1=" " tag="720">
      <subfield code="a">Moral-Toranzo, Félix</subfield>
      <subfield code="e">author</subfield>
   </datafield>
   <datafield ind2=" " ind1=" " tag="260">
      <subfield code="c">2014-07-09</subfield>
   </datafield>
   <datafield ind2=" " ind1=" " tag="520">
      <subfield code="a">El objetivo de este trabajo es evaluar las percepciones a nivel social, medioambiental y económico que experimentan los usuarios de paneles solares fotovoltaicos en comunidades asiladas de Ecuador. La valoración se ha realizado mediante cuestionarios y entrevistas a las familias beneficiarias. Los resultados ponen de manifiesto un cambio favorable a partir de los tres grupos de indicadores analizados: Sociales (Educativos, acceso a los medios de Telecomunicación y salud), Medioambientales  (Consumo de combustibles)  y Económicos (Gasto y ahorro familiar). También se observa un alto grado de apropiación y valoración del proyecto por parte de los usuarios, lo cual favorece su sostenibilidad. Por último, se plantean propuestas futuras para mejorar y garantizar la continuidad del proyecto.</subfield>
   </datafield>
   <datafield ind1="8" ind2=" " tag="024">
      <subfield code="a">http://hdl.handle.net/10630/7790</subfield>
   </datafield>
   <datafield tag="653" ind2=" " ind1=" ">
      <subfield code="a">Recursos energéticos renovables</subfield>
   </datafield>
   <datafield tag="653" ind2=" " ind1=" ">
      <subfield code="a">Empresas - Gestión</subfield>
   </datafield>
   <datafield ind2="0" ind1="0" tag="245">
      <subfield code="a">Percepción del impacto social, ambiental y económico  del uso de la energía renovable en zonas rurales de Ecuador</subfield>
   </datafield>
</record>
</metadata></record></GetRecord></OAI-PMH>